000 00431nam a2200169Ia 4500
003 GCL
008 140319s9999 xx 000 0 ara d
040 _aGCL /
_cGCL
082 0 4 _aكاسيت
_b246
_bح ا
100 1 _aحسن فؤاد
245 1 0 _aايوة ياسيدى /
_cحسن فؤاد
260 _a[S.N] :
_bلا يوجد
490 _a
650 0 4 _aالاغانى
650 0 4 _aشرائط كاسيت
942 _2ddc
_cBK
999 _c34093
_d34093